000
00304nam a2200121Ia 4500
999
_c
11096
_d
11096
082
_a
RR 010.1 SAH-B
100
_a
Sahai, Shrinath
245
0
_a
Bibliographic methods and reading behaviour
260
_a
Delhi
_b
Oriental Publishers
_c
1976
300
_a
200p.
504
_a
Includes index
942
_c
BK
_2
ddc